[Event "Barcelona Ponce Memorial 3rd"]
[Site "Barcelona"]
[Date "2018.04.21"]
[Round "3"]
[White "Gonzalez Lafita, Oscar"]
[Black "Baeza Labat, Josep Miguel"]
[Result "1/2-1/2"]
[WhiteElo "1815"]
[BlackElo "2011"]
[PlyCount "38"]
[EventDate "2018.04.07"]
[EventType "swiss"]
[EventRounds "9"]
[EventCountry "ESP"]
[SourceTitle "CBM 184 Extra"]
[Source "ChessBase"]
[SourceDate "2018.06.28"]
[SourceVersion "1"]
[SourceVersionDate "2018.06.28"]
[SourceQuality "1"]

1. d4 Nf6 2. Nf3 d5 3. c4 c6 4. cxd5 Nxd5 5. Nc3 Nxc3 6. bxc3 Bf5 7. Ba3 e6 8. Bxf8 Kxf8 9. Qb3 Qc7 10. e3 Nd7 11. Be2 h6 12. 0-0 g5 13. Nd2 Nf6 14. f3 h5 15. Ne4 Bxe4 16. fxe4 Ng4 17. Bxg4 hxg4 18. g3 Rh3 19. Qxe6 Rxg3+ 1/2-1/2

[Event "Barcelona Sants op-B 18th"]
[Site "Barcelona"]
[Date "2016.08.26"]
[Round "8"]
[White "Fernandez Aguilar, Francisco"]
[Black "Baeza Labat, Josep Miguel"]
[Result "1/2-1/2"]
[WhiteElo "2051"]
[BlackElo "1992"]
[PlyCount "66"]
[EventDate "2016.08.19"]
[EventType "swiss"]
[EventRounds "10"]
[EventCountry "ESP"]
[SourceTitle "CBM 174 Extra"]
[Source "ChessBase"]
[SourceDate "2016.10.10"]
[SourceVersion "1"]
[SourceVersionDate "2016.10.10"]
[SourceQuality "1"]

1. e4 e5 2. Nf3 Nc6 3. Bb5 Bb4 4. c3 Ba5 5. 0-0 Nge7 6. Na3 0-0 7. Nc4 d5 8. Nxa5 Nxa5 9. d3 f6 10. h3 Be6 11. Be3 a6 12. Ba4 b6 13. Bc2 dxe4 14. dxe4 Qxd1 15. Rfxd1 Rfd8 16. b3 Kf7 17. Rxd8 Rxd8 18. Rd1 Rxd1+ 19. Bxd1 Nb7 20. Be2 a5 21. Nd2 Nd6 22. f3 a4 23. bxa4 Bxa2 24. c4 c5 25. a5 bxa5 26. Bxc5 Nb7 27. Bb6 Nc6 28. Kf2 Ke6 29. Ke1 Nd4 30. Bxd4 exd4 31. Kd1 Nc5 32. Kc2 a4 33. Kb2 Bb3 1/2-1/2

[Event "L'Hospitalet de Llobregat op 6th"]
[Site "L'Hospitalet de Llobregat"]
[Date "2015.04.18"]
[Round "2.7"]
[White "Baeza Labat, Josep Miguel"]
[Black "Valbuena Castro, Gregorio"]
[Result "1-0"]
[WhiteElo "2141"]
[BlackElo "1944"]
[PlyCount "27"]
[EventDate "2015.04.11"]
[EventType "swiss"]
[EventRounds "8"]
[EventCountry "ESP"]
[SourceTitle "EXT 2024"]
[Source "ChessBase"]
[SourceDate "2023.10.10"]
[SourceVersion "1"]
[SourceVersionDate "2023.10.10"]
[SourceQuality "1"]

1. e4 e5 2. f4 d5 3. Nf3 dxe4 4. Nxe5 Nf6 5. Bc4 Bc5 6. Bxf7+ Ke7 7. Bc4 Qd4 8. Qe2 Nbd7 9. c3 Qd6 10. d4 Bb6 11. Nf7 Qc6 12. Nxh8 Bxd4 13. Nd2 b5 14. Bxb5 1-0

[Event "Catalunya-ch"]
[Site "Barcelona"]
[Date "2002.??.??"]
[Round "9"]
[White "Durban Piera, Joan"]
[Black "Baeza Labat, Josep Miguel"]
[Result "1-0"]
[WhiteElo "2187"]
[BlackElo "2060"]
[PlyCount "33"]
[EventDate "2002.03.24"]
[EventType "swiss"]
[EventRounds "9"]
[EventCountry "ESP"]
[SourceTitle "EXT 2003"]
[Source "ChessBase"]
[SourceDate "2002.11.25"]
[SourceVersion "1"]
[SourceVersionDate "2002.11.25"]
[SourceQuality "1"]

1. e4 e5 2. Nf3 Nc6 3. d4 exd4 4. c3 d5 5. exd5 Qxd5 6. cxd4 Bg4 7. Be2 0-0-0 8. Nc3 Bb4 9. 0-0 Bxc3 10. bxc3 Nf6 11. Be3 Rhe8 12. c4 Qe4 13. Qa4 Nxd4 14. Nxd4 Rxd4 15. Bxg4+ Qxg4 16. f3 Qd7 17. Qxa7 1-0

[Event "Vila de Poblenou op"]
[Site "Barcelona"]
[Date "2001.08.21"]
[Round "6.16"]
[White "Jimenez Villena, Francisco Jose"]
[Black "Baeza Labat, Josep Miguel"]
[Result "1-0"]
[WhiteElo "2228"]
[BlackElo "2060"]
[PlyCount "55"]
[EventDate "2001.08.16"]
[EventType "swiss"]
[EventRounds "9"]
[EventCountry "ESP"]
[SourceTitle "EXT 2002"]
[Source "ChessBase"]
[SourceDate "2001.11.25"]
[SourceVersion "1"]
[SourceVersionDate "2001.11.25"]
[SourceQuality "1"]

1. d4 Nf6 2. Nf3 d5 3. Bg5 e6 4. e3 Be7 5. Nbd2 0-0 6. Bd3 h6 7. Bxf6 Bxf6 8. h4 Nc6 9. g4 Nb4 10. Be2 Re8 11. g5 hxg5 12. hxg5 Bxg5 13. Ne5 Nc6 14. Bb5 Nxe5 15. Bxe8 Ng6 16. Bb5 e5 17. dxe5 c6 18. Bd3 Nxe5 19. Qh5 Nxd3+ 20. cxd3 Bh6 21. 0-0-0 Qf6 22. Rdg1 Kf8 23. Qh4 Qd6 24. Qg3 Qc5+ 25. Kd1 Ke7 26. Qc7+ Bd7 27. Rh5 Re8 28. d4 1-0

[Event "Catalunya Club op"]
[Site "Spain"]
[Date "1999.??.??"]
[Round "?"]
[White "Baeza Labat, Josep Miguel"]
[Black "Prats Rodriguez, Juan Bosco"]
[Result "1-0"]
[WhiteElo "1995"]
[BlackElo "2115"]
[PlyCount "83"]
[EventDate "1999.??.??"]
[EventType "swiss"]
[EventRounds "9"]
[EventCountry "ESP"]
[SourceTitle "EXT 2000"]
[Source "ChessBase"]
[SourceDate "1999.11.16"]
[SourceVersion "1"]
[SourceVersionDate "1999.11.16"]
[SourceQuality "1"]

1. e4 d6 2. d4 Nf6 3. Nc3 g6 4. f4 Bg7 5. Nf3 0-0 6. e5 dxe5 7. dxe5 Qxd1+ 8. Kxd1 Ng4 9. Ke1 Nc6 10. h3 Nb4 11. hxg4 Nxc2+ 12. Kf2 Nxa1 13. Bd3 Bxg4 14. Be3 Rfd8 15. Be4 Bf5 16. Bxf5 gxf5 17. Rxa1 Rd3 18. Nd4 Bxe5 19. fxe5 f4 20. Nf3 fxe3+ 21. Ke2 Rad8 22. Rh1 f6 23. Ne4 fxe5 24. Nxe5 R3d5 25. Nf3 Rb5 26. Rb1 Kg7 27. Kxe3 Kg6 28. g4 Rb4 29. Rf1 Rd5 30. Nh4+ Kg7 31. Nf5+ Kh8 32. a3 Rxb2 33. Nxe7 Rb3+ 34. Kf4 Rd7 35. Nf5 Rxa3 36. Nf6 Rf7 37. Re1 Rf8 38. Re7 Rh3 39. g5 a5 40. Kg4 Rh1 41. Nh6 Rg1+ 42. Kh3 1-0